| 000 | 00942nam a2200277 i 4500 | ||
|---|---|---|---|
| 001 | bg | ||
| 100 | 1 |
_aBUJAK, Adam _d(1942- ) |
|
| 245 | 1 | 0 |
_aSkarby klasztorów / _cAdam Bujak ; [Leszek Sosnowski kompozycja wydawniczo-graficzna i red. ; wstęp Zofia Tracz]. |
| 260 |
_aKraków : _b"Biały Kruk", _c2002. |
||
| 300 |
_a213, [3] s. : _bil. kolor. ; _c32 cm. |
||
| 650 | 9 |
_aFotografia polska _yod 1989 r. |
|
| 650 | 9 |
_aKlasztory (bud.) _xikonografia _zPolska |
|
| 650 | 9 |
_aZakony żeńskie _xikonografia _zPolska |
|
| 655 | _aAlbumy | ||
| 700 | 1 |
_aSOSNOWSKI, Leszek _d(1948- ). _eRed. |
|
| 700 | 1 |
_aTRACZ, Zofia. _ePrzedm. |
|
| 015 | _aPB 5834/2003 | ||
| 020 | _a838891815X | ||
| 040 | _cBPK | ||
| 041 | 0 | _apol | |
| 080 | _a726.5/.7:271](438)(084.121) | ||
| 920 | _a83-88918-15-X | ||
| 942 | _cKS | ||
| 008 | s pl f |000 0 pol | ||
| 999 |
_c46401 _d46401 |
||
| 856 |
_uhttp://koha.tu.koszalin.pl/cgi-bin/koha/opac-detail.pl?biblionumber=46401 _yKatalog online BPK |
||